000
00215nam a22000857a 4500
008
160624b xxu||||| |||| 00| 0 eng d
100
_9
1094
_a
Johnson, M
245
_a
18 No Time to Waste
260
_a
Michigan
_b
Zonderan
_c
1971
999
_c
880
_d
880